Statistics for Fill in an Empty Map of Europe

Click here to take the quiz!

General Stats

  • This quiz has been taken 2,203 times
  • The average score is 23 of 45

Answer Stats

Answer % Correct
Iceland
73%
Spain
66%
Germany
62%
Denmark
62%
Ireland
61%
France
61%
Andorra
61%
Lithuania
60%
United Kingdom
60%
Poland
59%
Switzerland
59%
Czech Republic
58%
Austria
58%
Malta
57%
Bulgaria
56%
Belgium
56%
Latvia
55%
Monaco
55%
Slovakia
55%
San Marino
54%
Finland
53%
Hungary
52%
Romania
52%
Italy
52%
Estonia
52%
Slovenia
51%
Ukraine
51%
Serbia
51%
Netherlands
51%
Croatia
50%
Sweden
50%
Belarus
50%
Russia
49%
Albania
49%
Bosnia
48%
Luxembourg
47%
Greece
47%
Moldova
45%
Kosovo
44%
Montenegro
44%
Macedonia
44%
Portugal
41%
Norway
41%
Liechtenstein
33%
Vatican City
14%

Score Distribution

Percentile by Number Answered

Percent of People with Each Score

Your Score History

You have not taken this quiz